Great Literature #42 - Statistics

General Stats
  • This quiz has been taken 100 times
  • The average score is 10 of 20
Answer Stats
Hint Explanation Answer % Correct
The Jungle Book 1894 Rudyard Kipling
100%
The Little House on the Prairie 1932-1943, 1971 Laura Ingalls Wilder
89%
Sexual Behavior in the Human Male 1948 Alfred C. Kinsey
73%
Dombey and Son 1846-1848 Charles Dickens
72%
Ender’s Game 1985 Orson Scott Card
61%
The Lady of Shalott 1832 Alfred Tennyson
59%
Jonathan Livingston Seagull 1970 Richard Bach
58%
The Lottery 1948 Shirley Jackson
55%
The Book of Laughter and Forgetting 1979 (Kniha smíchu a zapomnění) Milan Kundera
52%
My Family and Other Animals 1956 Gerald Durrell
49%
The Virgin Suicides 1993 Jeffrey Eugenides
49%
Dom Casmurro 1899 Machado de Assis
46%
Deliverance 1970 James Dickey
42%
Dinner at the Homesick Restaurant 1982 Anne Tyler
41%
Riddle of the Sands 1903 Erskine Childers
41%
The Prelude 1850 William Wordsworth
34%
A Distant Mirror 1978 Barbara Tuchman
32%
Mumbo Jumbo 1972 Ishmael Reed
30%
Suttree 1979 Cormac McCarthy
27%
Lanark 1981 Alasdair Gray
23%
No matching quizzes found
Score Distribution
Percent of People with Each Score
Percentile by Number Answered
Your Score History
You have not taken this quiz